00407nam a2200109Ia 4500008004100000100003000041245014200071260003800213300002800251650000800279650001000287200922s9999 xx 000 0 und d aRodriguez, Agustin Martin cAgustin Martin G. Rodriguez, Ara Marie Leal RodriguezaGender and society:bthe whys of women, their oppressions and paths to liberation/ aManila:bC and E Publishingc2019 axiii, 314 pagesc22 cm. aMen aWomen